MARC details
| 000 -LEADER |
| campo de control de longitud fija |
01774nam a22004097a 4500 |
| 003 - IDENTIFICADOR DE NÚMERO DE CONTROL |
| campo de control |
BO-EaUP |
| 005 - FECHA Y HORA DE LA ÚLTIMA TRANSACCIÓN |
| campo de control |
20250609151633.0 |
| 008 - DATOS DE LONGITUD FIJA--INFORMACIÓN GENERAL |
| campo de control de longitud fija |
250609b |||||||| |||| 00| 0 eng d |
| 020 ## - NÚMERO INTERNACIONAL ESTÁNDAR DEL LIBRO |
| Número Internacional Estándar del Libro |
84-08-46971-1 |
| 040 ## - FUENTE DE CATALOGACIÓN |
| Centro catalogador/agencia de origen |
BO-EaUP |
| Lengua de catalogación |
spa |
| Centro/agencia transcriptor |
Biblioteca de Arquitectura |
| Normas de descripción |
RDA |
| 041 ## - CÓDIGO DE IDIOMA |
| Código de lengua del texto/banda sonora o título independiente |
spa |
| 043 ## - CÓDIGO DE ÁREA GEOGRÁFICA |
| Código de área geográfica |
es-p |
| 082 ## - NÚMERO DE LA CLASIFICACIÓN DECIMAL DEWEY |
| Número de edición |
1 |
| Número de clasificación |
909 |
| 092 ## - ASIGNACIÓN LOCAL DE SIGNATURA TOPOGRÁFICA DEWEY (OCLC) |
| Número de clasificación |
909 |
| Signatura Librística |
G17t |
| 100 ## - ENTRADA PRINCIPAL--NOMBRE DE PERSONA |
| Nombre de persona |
Guasch; Anna Maria |
| 9 (RLIN) |
5924 |
| 242 ## - TÍTULO TRADUCIDO POR EL CENTRO/AGENCIA CATALOGADOR |
| Título |
HISTORIA DE ARTE UNIVERSAL X Ars Magna EL TRIUNFO DE LA CREACION El Arte del siglo XX |
| 245 ## - MENCIÓN DEL TÍTULO |
| Título |
Historia de Arte Universal X Ars Magna |
| Mención de responsabilidad, etc. |
Guasch Anna Maria; |
| 250 ## - MENCION DE EDICION |
| Mención de edición |
Primera Edicion |
| 260 ## - PUBLICACIÓN, DISTRIBUCIÓN, ETC. |
| Lugar de publicación, distribución, etc. |
España; |
| Nombre del editor, distribuidor, etc. |
Editorial Planeta |
| Fecha de publicación, distribución, etc. |
2006 |
| 300 ## - DESCRIPCIÓN FÍSICA |
| Extensión |
353 paginas; |
| Otras características físicas |
Pintura; Escultura; |
| Dimensiones |
28 x 31 centimetros |
| 336 ## - TIPO DE CONTENIDO |
| Fuente |
rdacontenido |
| Término de tipo de contenido |
texto |
| Código de tipo de contenido |
txt |
| 337 ## - TIPO DE MEDIO |
| Fuente |
rdamedia |
| Nombre/término del tipo de medio |
no mediado |
| Código del tipo de medio |
n |
| 338 ## - TIPO DE SOPORTE |
| Fuente |
rdacarrier |
| Nombre/término del tipo de soporte |
volumen |
| Código del tipo de soporte |
nc |
| 505 ## - NOTA DE CONTENIDO CON FORMATO |
| Nota de contenido con formato |
1. La Evanescencia del Aura. |
| 505 ## - NOTA DE CONTENIDO CON FORMATO |
| Nota de contenido con formato |
2. La Época y El Arte Del Crepúsculo de la Modernidad a la Discontinua Posmodernidad. |
| 505 ## - NOTA DE CONTENIDO CON FORMATO |
| Nota de contenido con formato |
3. La Arquitectura Modernidad y Tradición. |
| 505 ## - NOTA DE CONTENIDO CON FORMATO |
| Nota de contenido con formato |
4. Realidad y Ficción. Las utopías. |
| 505 ## - NOTA DE CONTENIDO CON FORMATO |
| Nota de contenido con formato |
5. Gesto y Normas. La Forma |
| 505 ## - NOTA DE CONTENIDO CON FORMATO |
| Nota de contenido con formato |
Opacidad y Transparencia. Los Cerramientos |
| 520 ## - RESUMEN, ETC. |
| Sumario, etc. |
El TRIUNFO DE LA CREACION, decimo volumen de la creacion ARS. MAGNA, pone frente al lector la globalidad y, a la vez diversidad creativas, tanto de medios técnicas, soportes, criterios y conceptos como de focos de produccion y manera de expresión que el siglo XX y los inicios del XXI han aportado al desarrollo de la historia del arte universal. |
| 650 ## - PUNTO DE ACCESO ADICIONAL DE MATERIA--TÉRMINO DE MATERIA |
| Fuente del encabezamiento o término |
HISTORIA UNIVERSAL |
| 653 ## - TÉRMINO DE INDIZACIÓN--NO CONTROLADO |
| Término no controlado |
ESCULTURA. |
| 653 ## - TÉRMINO DE INDIZACIÓN--NO CONTROLADO |
| Término no controlado |
PINTURA. |
| 653 ## - TÉRMINO DE INDIZACIÓN--NO CONTROLADO |
| Término no controlado |
DIBUJO |
| 700 ## - ENTRADA AGREGADA--NOMBRE PERSONAL |
| Nombre de persona |
Carrasco Javier Hernando |
| 9 (RLIN) |
5925 |
| 942 ## - ELEMENTOS DE ENTRADA SECUNDARIOS (KOHA) |
| Fuente del sistema de clasificación o colocación |
Clasificación Decimal Dewey |
| Suprimir en OPAC |
No |
| Tipo de ítem Koha |
Libros |
| Edición |
2006 |